000 00607nam a2200241Ia 4500
003 OSt
005 20220918192718.0
006 a|||||r|||| 00| 0
007 ta
008 220917b |||||||| |||| 00| 0 eng d
024 _a69,739
037 _cTextual
040 _aARTS
_cARTS
_beng
041 _2eng
_aeng
082 _aQz7, M6
100 _aLewis l M
_979864
245 0 _aReligion in context
_b cults and charisma
260 _aCambridge
_bC U P
_c1986
300 _axi, 339p.
_ccm.
650 _aRELIGION
942 _hQz7, M6
_cTEXL
_2CC
999 _c195870
_d195870